| 000 | 00555cam a2200217 4500 | ||
|---|---|---|---|
| 008 | 090401t1988 xxu||||| |||| 00| 0 eng d | ||
| 020 | _a0632018542 | ||
| 035 | _a(Sirsi) u21206 | ||
| 041 | _aeng | ||
| 050 | _a347.41067 | ||
| 100 | _aReynolds, Michael P | ||
| 245 | 4 | _aThe expert witness and his evidence | |
| 260 |
_aOxford _bBSP Professional Books _c1988 |
||
| 300 | _aviii,137p. ; 24cm. | ||
| 350 | _a17.95 | ||
| 650 | _aEXPERT WITNESSES | ||
| 650 | _aSCOTT SCHEDULES | ||
| 700 | _aKing, Philip S. D. | ||
| 942 | _n0 | ||
| 948 | _c04/03/1997 | ||
| 999 |
_c87938 _d87938 |
||